A klasszika-filologia mai állása Magyarországon

Elmentve itt :
Bibliográfiai részletek
Szerző: Marót Károly
Dokumentumtípus: Cikk
Megjelent: 1943
Sorozat:Szellem és élet 6 No. 1-2
Kulcsszavak:Klasszika-filológia - Magyarország
Tárgyszavak:
Online Access:http://acta.bibl.u-szeged.hu/12128
LEADER 00681nab a2200193 i 4500
001 acta12128
005 20250902134315.0
008 161015s1943 hu o 000 hun d
040 |a SZTE Egyetemi Kiadványok Repozitórium  |b hun 
041 |a hun 
100 1 |a Marót Károly 
245 1 2 |a A klasszika-filologia mai állása Magyarországon  |h [elektronikus dokumentum] /  |c  Marót Károly 
260 |c 1943 
300 |a 51-71 
490 0 |a Szellem és élet  |v 6 No. 1-2 
650 4 |a Bölcsészettudományok 
650 4 |a Nyelvek és irodalom 
695 |a Klasszika-filológia - Magyarország 
856 4 0 |u http://acta.bibl.u-szeged.hu/12128/1/szellem_1943_001_002_051-071.pdf  |z Dokumentum-elérés